000
00303nam a2200121Ia 4500
005
20251222153522.0
008
251222s9999||||xx |||||||||||||| ||spa||
020
_a
84-500-1756-4
082
_a
363.8/V77
100
_a
"Vivanco Bergamín, Francisco"
245
0
_a
Alimentación y nutrición
942
_c
LIB
999
_c
29770
_d
29770